I 10 imperi più grandi della storia - Statistics

Statistiche generali
  • Questo quiz è stato fatto 151 volte
  • Il punteggio medio è 4 su 10
Statistiche sulle risposte
Percentuale di territorio Risposta % Corretto
16,92% del Mondo Impero mongolo
87%
26,35% del Mondo Impero britannico
79%
8,53% del Mondo Impero francese
73%
10,17% del Mondo Impero spagnolo
73%
16,92% del Mondo Impero russo
66%
10,91% del Mondo Dinastia Qing
12%
8,24% del Mondo Califfato Ummayad
4%
8,24% del Mondo Califfato Abbasid
3%
8,16% del Mondo Dinastia Yuan
2%
6,68% del Mondo Impero Xiongnu
0%
Nessun quiz corrispondente trovato
Distribuzione punteggi
Percentuale di utenti per punteggio
Percentile per numero di risposta
I tuoi punteggi nel tempo
Non hai fatto questo quiz